00790nam a2200217 a 450000100100000000500170001000800410002704000250006808200130009310000360010624500800014225000110022226000390023330000280027250000210030050400340032150000740035504900090042995201170043899900170055500002443320200930023155.0110127s1970 mx a r 001 0 spa d aDO-SdBNPbspacBNPHU ann*bnn*1 aMantache Roman, Jesús.95008810aDidáctica general :bcurso de postgraduación /cJesús Mantache Roman. a8a ed. aMéxico, D. F. :bHerrero,c1970. a266 p. :bil. ;c20 cm. a"Primera parte". aBibliografía : [255]-262 p. aIncluye referencias bibliográficas y notas al pie de las páginas. aBNGR 001054708MOaGRbGRcCTd2011-01-27iLF1l0onn* nn*p24433-10r2020-06-25w2020-06-25y4ZPréstamo en sala c23926d23926